Normal view
MARC view
- Sindh (Pakistan)
Entry Geographic Name
001 - CONTROL NUMBER
- control field: 4812
003 - CONTROL NUMBER IDENTIFIER
- control field: NUST
005 - DATE AND TIME OF LATEST TRANSACTION
- control field: 20170922104156.0
008 - FIXED-LENGTH DATA ELEMENTS
- fixed length control field: 170922|| aca||aabn | a|a d
040 ## - CATALOGING SOURCE
- Original cataloging agency: NUST
- Transcribing agency: NUST
151 ## - HEADING--GEOGRAPHIC NAME
- Geographic name: Sindh (Pakistan)
670 ## - SOURCE DATA FOUND
- Source citation: Work cat.: (NUST)0: Rahman, Mushtaqur. 4811, Land and life in Sindh, Pakistan /, 1993.
